000 00337nam a2200109Ia 4500
008 230907s9999||||xx |||||||||||||| ||und||
082 _a333.794
_bROO
100 _aRoosa, Stephen
_9118019
245 _aInternational solutions to sustainable energy, policies and applications /
_cStephen Roosa.
260 _c2019-09-27
942 _2ddc
_cEB
999 _c599644
_d599644